000 00701nam a2200253 a 4500
005 20210219152840.0
008 991125n 000 0 eng u
035 _aUPN01000062768
100 _aSchloesser, Patricia
222 _aCHILD ABUSE AND NEGLECT :
_bTHE INTERNATIONAL JOURNAL
245 _aActive surveillance of child abuse fatalities
300 _a3-10
362 _a1992 16, No. 1,
505 _aSeptiembre 1992
653 0 _aANALISIS DE DATOS
653 0 _aCOLECCION DE DATOS
653 0 _aMUERTE
653 0 _aNIÑO MALTRATADO
653 0 _aREGISTROS CONFIDENCIALES
700 _aPierpont, John
700 _aPoertner, John
904 _aAC
_b000579
905 _aArticulo
999 _c61870
_d61870